MARC

LEADER 00000nam0a2200000 4500
001 280035
005 20231101235251.0
020 |a RU  |b 86-46066 
035 |a (RuTPU)RU\TPU\book\303344 
090 |a 280035 
100 |a 20141225d1986 km y0rusy5003 ca 
101 1 |a rus  |c bul 
102 |a RU 
105 |a y z 001zy 
200 1 |a Марксизм и проблемы художественного творчества  |f Д. Благоев 
210 |a Москва  |c Искусство  |d 1986 
215 |a 381 с. 
225 1 |a История эстетики в памятниках и документах 
320 |a Указ. имен: с. 376-381 
606 1 |a Художественное творчество  |x Эстетика  |2 stltpush  |3 (RuTPU)RU\TPU\subj\17684  |9 43258 
606 1 |a Художественное творчество  |2 stltpush  |3 (RuTPU)RU\TPU\subj\64402  |9 81300 
610 0 |a эстетика 
610 1 |a марксизм 
610 1 |a марксистская этика 
610 1 |a Болгария 
610 1 |a история 
610 1 |a литературная эстетика 
610 1 |a литературно-критическая мысль 
610 1 |a идеалы 
610 1 |a искусство 
610 1 |a литературная критика 
610 1 |a 20 век 
675 |a 7.072  |v 4 
686 |a Ю80  |v LBC/SL-A  |2 rubbk 
700 1 |a Благоев  |b Д.  |g Димитр  |4 070 
801 0 |a RU  |b RuMRKP  |c 19950704  |g psbo 
801 1 |a RU  |b 63413507  |c 20141225 
801 2 |a RU  |b 63413507  |c 20170426  |g RCR 
942 |c BK